000 00489nam a2200193 a 4500
005 20240803063716.0
008 991125s2000 mx 000 0 spa u
020 _a968150156X
035 _aUPN01000154968
049 _aCG
050 4 _aPA3855 E8
_bB4.3 2000
100 0 _aEsopo,
_d620-560 a.C.
_935423
245 1 0 _aFábulas /
_cEsopo.
250 _a2a ed.
260 _aMéxico :
_bMexicanos Unidos
_c2000.
300 _a133 p. :
_bil.
650 4 _aFábulas
_98251
905 _aLibro
999 _c127084
_d127084